Normal view
MARC view
- Mani, Mahadeva Matt
Entry Personal Name
001 - CONTROL NUMBER
- control field: 100873
003 - CONTROL NUMBER IDENTIFIER
- control field: NUST
005 - DATE AND TIME OF LATEST TRANSACTION
- control field: 20221019153416.0
008 - FIXED-LENGTH DATA ELEMENTS
- fixed length control field: 221019|| aca||aabn | a|a d
040 ## - CATALOGING SOURCE
- Original cataloging agency: NUST
- Transcribing agency: NUST
100 ## - HEADING--PERSONAL NAME
- Personal name: Mani, Mahadeva Matt
670 ## - SOURCE DATA FOUND
- Source citation: Work cat.: (NUST)0: Leinwand, Paul, author. 100865, Beyond digital :, 2022
